000
00298nam a2200109Ia 4500
008
200302s9999 xx 000 0 und d
100
_a
Thomas H. Mckaig
245
_a
Building Failures Case Studies in Construction and Design
260
_b
Tata Mcgraw-Hill Co. Inc.
260
_c
1962
300
_a
261 P.,
999
_c
120
_d
120